කතා මුතු : (Record no. 2335)

MARC details
000 -LEADER
fixed length control field 008070000a22002410004500
003 - CONTROL NUMBER IDENTIFIER
control field LK-CoMWRAF
005 - DATE AND TIME OF LATEST TRANSACTION
control field 20231201111018.0
008 - FIXED-LENGTH DATA ELEMENTS--GENERAL INFORMATION
fixed length control field 230817t ||||| |||| 00| 0 eng d
040 ## - CATALOGING SOURCE
Original cataloging agency LK-CoMWRAF
Modifying agency LK-CoMWRAF
Description conventions LK-CoMWRAF
041 ## - LANGUAGE CODE
Language code of text/sound track or separate title English
082 ## - DEWEY DECIMAL CLASSIFICATION NUMBER
Classification number 891.483
Item number KAT
942 ## - ADDED ENTRY ELEMENTS (KOHA)
Koha item type Books
100 ## - MAIN ENTRY--PERSONAL NAME
Personal name මහමූඩ්. මුහමඩ්
700 ## - ADDED ENTRY--PERSONAL NAME
Personal name Mallawathanthri,, P.W.
Relator Term editor
245 ## - TITLE STATEMENT
Title කතා මුතු :
Remainder of title සිව්වෙනි කොටස
246 ## - VARYING FORM OF TITLE
Title proper/short title Katha muthu : Siwweni kotasa
260 ## - PUBLICATION, DISTRIBUTION, ETC. (IMPRINT)
Place of publication, distribution, etc. කොළඹ :
Name of publisher, distributor, etc. ඉස්ලාම් සංස්කෘතික මධ්‍යස්ථානය,
300 ## - PHYSICAL DESCRIPTION
Extent පි. 256
490 ## - SERIES STATEMENT
Series statement 04 වෙනි වෙළුම
650 ## - SUBJECT ADDED ENTRY--TOPICAL TERM
Topical term or geographic name as entry element සිංහල ප්‍ර‍බන්ධ
650 ## - SUBJECT ADDED ENTRY--TOPICAL TERM
Topical term or geographic name as entry element Islam
650 ## - SUBJECT ADDED ENTRY--TOPICAL TERM
Topical term or geographic name as entry element Sinhala Text
Holdings
Withdrawn status Lost status Damaged status Not for loan Permanent Location Current Location Date acquired Full call number Barcode Koha item type
        Resource center, Muslim Women's Research And Action Forum Resource center, Muslim Women's Research And Action Forum 2023-08-17 891.483 KAT RAF1298 Books

Copyright © 2023 Muslim Women's Research and Action Forum (MWRAF), No 27/3, Anderson Road, Kalubowila, Dehiwela. Funded by The Asia Fundation